| 000 | 01173nam a22002897a 4500 | ||
|---|---|---|---|
| 001 | 4774 | ||
| 003 | FISKH | ||
| 005 | 20250512075350.0 | ||
| 008 | 241010b cb ||||| |||| 00| 0 eng d | ||
| 020 | _a9780545571890 | ||
| 040 |
_aFISKH _beng _cFISKH _dFISKH |
||
| 050 | _aF158.I3 | ||
| 082 | _a974.8 | ||
| 100 |
_aMcdonald, Megan _d(1959-) |
||
| 245 |
_aSaving the liberty bell / _cStory by Megan Mcdonald illustrations by Marsha Gray Carrington |
||
| 250 | _aPublished in 2005 | ||
| 260 |
_aNew York : _bScholastic, _c2005. |
||
| 300 |
_a29 pages : _bColor illustrations ; _c28 cm |
||
| 505 | _aR | ||
| 520 | _aWhen John Jacob Mickley accompanies his father on a trip to Philadelphia, he discovers that the city is facing a Redcoat attack. Next thing he knows, Papa and he have been entrusted with a top-secret mission. Can the humble Mickley wagon dodge British soldiers and carry an important two-thousand-pound symbol of freedom to safety? | ||
| 521 | 8 |
_a760L
_bLexile |
|
| 521 | 8 |
_aR
_bRaz-Plus |
|
| 650 |
_218th century _aAmerican history |
||
| 650 |
_2Adventure _aPicture book |
||
| 700 |
_aCarrington, Gray Marsha _dIllustrator |
||
| 942 |
_2ddc _cBK _n0 |
||
| 999 |
_c4774 _d4774 |
||